[Event "SG Winz-Baak 1 - SC Lünen Horstmar 1"]
[Site "Verbandsklasse, Gruppe 3 2017"]
[Date "2018.03.18"]
[Round "8.7"]
[White "Steinzen, Johannes"]
[Black "Haupt, Horst-Peter"]
[Result "1-0"]
[WhiteElo "1760"]
[BlackElo "1656"]
[PlyCount "99"]
[EventDate "2018.??.??"]

1. d4 d5 2. Nf3 Nf6 3. e3 Nbd7 4. Bd3 h6 5. Nbd2 c5 6. c3 c4 7. Bc2 Qc7 8. e4
dxe4 9. Nxe4 Nxe4 10. Bxe4 Nf6 11. Bc2 e6 12. Ne5 a6 13. f4 Bd6 14. O-O b5 15.
Qe2 Bb7 16. f5 O-O 17. Bf4 exf5 18. Bxf5 Rae8 19. Rae1 Re7 20. Qd2 h5 21. Bg5
Bxe5 22. dxe5 Rxe5 23. Bxf6 Qc5+ 24. Qd4 Rxf5 25. Qxc5 Rxc5 26. Be7 Rc7 27.
Bxf8 Kxf8 28. Rf5 g6 29. Rfe5 Rd7 30. Re8+ Kg7 31. R8e7 Rxe7 32. Rxe7 Bc6 33.
Ra7 Kf8 34. Rxa6 Bd7 35. h4 Ke7 36. Ra7 Kd6 37. Kf2 Kc6 38. Ke3 Be6 39. Kf4 Kd6
40. g3 Kc6 41. Ke5 Kb6 42. Re7 Kc6 43. Rxe6+ fxe6 44. Kxe6 Kc5 45. b4+ Kc6 46.
a3 Kc7 47. Kd5 Kb6 48. Kd6 Kb7 49. Kc5 Ka6 50. Kc6 1-0

[Event "SV Wattenscheid 2 - Dortmunder SV 1"]
[Site "Regionalliga 2017/2018"]
[Date "2018.05.06"]
[Round "9.1"]
[White "Ganzer, Uwe"]
[Black "Schlehoefer, Ralf"]
[Result "1/2-1/2"]
[WhiteElo "2156"]
[BlackElo "2195"]
[PlyCount "22"]
[EventDate "2018.??.??"]

1. Nf3 Nf6 2. c4 c6 3. d4 d5 4. cxd5 cxd5 5. Nc3 Nc6 6. Bf4 Bf5 7. Rc1 e6 8. e3
Bd6 9. Bxd6 Qxd6 10. Be2 O-O 11. O-O Rfc8 1/2-1/2

[Event "SV Wattenscheid 2 - Dortmunder SV 1"]
[Site "Regionalliga 2017/2018"]
[Date "2018.05.06"]
[Round "9.3"]
[White "Wichtrup, Jan-Louis"]
[Black "Koehn, Peter"]
[Result "1-0"]
[WhiteElo "2028"]
[BlackElo "2137"]
[PlyCount "69"]
[EventDate "2018.??.??"]

1. d4 Nf6 2. c4 g6 3. Nc3 Bg7 4. Nf3 O-O 5. e4 d6 6. Be2 e5 7. dxe5 dxe5 8.
Qxd8 Rxd8 9. Bg5 Re8 10. Nd5 Nxd5 11. cxd5 c6 12. Bc4 cxd5 13. Bxd5 Nc6 14. O-O
Be6 15. Bxe6 Rxe6 16. Rfd1 Nd4 17. Kf1 Rb6 18. b3 a5 19. Be3 a4 20. bxa4 Rxa4
21. Rab1 Rxb1 22. Rxb1 Nc2 23. Bc5 Rc4 24. Bd6 Rxe4 25. Rxb7 h6 26. Rb2 Nd4 27.
Rb8+ Kh7 28. Rb4 f5 29. a4 Kg8 30. Nd2 Rh4 31. a5 Bf8 32. Bxf8 Kxf8 33. Nf3 Re4
34. Nxd4 exd4 35. a6 1-0

[Event "SV Wattenscheid 2 - Dortmunder SV 1"]
[Site "Regionalliga 2017/2018"]
[Date "2018.05.06"]
[Round "9.4"]
[White "Lang, Daniel"]
[Black "Wittmann, Rainer"]
[Result "1/2-1/2"]
[WhiteElo "2077"]
[BlackElo "2013"]
[Annotator "Daniel"]
[PlyCount "99"]
[EventDate "2018.??.??"]

1. d4 c5 2. Nf3 cxd4 3. Nxd4 g6 4. c4 Bg7 5. Nc3 Nc6 6. e3 Nf6 7. Be2 O-O 8.
O-O d6 9. b3 Bd7 10. Bb2 a6 11. Rc1 Rc8 12. Qd2 Qa5 13. Rfd1 Rfe8 14. Bf3 Bg4
15. Bxg4 Nxg4 16. Nd5 Qxd2 17. Rxd2 Nxd4 $11 18. Bxd4 Bxd4 19. Rxd4 Ne5 20. Rd2
Kf8 21. f4 Nd7 22. Kf2 Red8 23. e4 b5 24. Rdc2 e6 25. Nb4 a5 26. Nd3 b4 27. c5
Nxc5 28. Ke3 Ra8 29. Nxc5 dxc5 30. Rxc5 a4 31. Rb5 axb3 32. axb3 Ra2 33. Rxb4
Rd7 34. g3 Rxh2 35. Rd4 Rb7 36. Rb1 Ra7 37. Rd2 Rh3 38. Kf3 Rh5 39. e5 f6 40.
exf6 Rb5 41. g4 h6 42. Rh2 h5 43. g5 Ra6 44. Rc2 e5 45. fxe5 Rxe5 46. Rc8+ Kf7
47. Rh8 Rf5+ 48. Ke2 Ke6 49. Re8+ Kf7 50. Rh8 1/2-1/2

[Event "SV Wattenscheid 2 - Dortmunder SV 1"]
[Site "Regionalliga 2017/2018"]
[Date "2018.05.06"]
[Round "9.5"]
[White "Huettemann, Karl-Heinz"]
[Black "Gohla, Ulf"]
[Result "1/2-1/2"]
[WhiteElo "2005"]
[BlackElo "2135"]
[PlyCount "53"]
[EventDate "2018.??.??"]

1. c4 e5 2. Nc3 Nf6 3. Nf3 Nc6 4. e3 Bb4 5. Nd5 e4 6. Ng1 O-O 7. a3 Bd6 8. Qc2
Re8 9. Ne2 Nxd5 10. cxd5 Nb8 11. Nc3 Qe7 12. d3 exd3 13. Bxd3 g6 14. h4 Be5 15.
Bd2 b6 16. O-O-O Ba6 17. Rde1 Bxd3 18. Qxd3 a5 19. f4 Bg7 20. e4 Na6 21. e5 Nc5
22. Qc4 c6 23. Be3 Rac8 24. Kb1 d6 25. exd6 Qxd6 26. Bxc5 bxc5 27. dxc6 1/2-1/2

[Event "SV Wattenscheid 2 - Dortmunder SV 1"]
[Site "Regionalliga 2017/2018"]
[Date "2018.05.06"]
[Round "9.7"]
[White "Brockmann, Fabian"]
[Black "Schmedders, Hans-Gerd"]
[Result "1/2-1/2"]
[WhiteElo "1942"]
[BlackElo "2050"]
[PlyCount "41"]
[EventDate "2018.??.??"]

1. Nf3 b6 2. g3 Bb7 3. Bg2 e6 4. c4 g6 5. O-O Bg7 6. d3 d6 7. Nbd2 Nd7 8. Rb1
c5 9. a3 Qc7 10. b4 Ngf6 11. Bb2 O-O 12. Ne1 Bxg2 13. Nxg2 d5 14. e4 dxc4 15.
dxc4 Rfd8 16. Qe2 cxb4 17. axb4 a5 18. bxa5 Rxa5 19. Bc3 Ra2 20. Ra1 Rc2 21.
Rac1 1/2-1/2

[Event "SV Wattenscheid 2 - Dortmunder SV 1"]
[Site "Regionalliga 2017/2018"]
[Date "2018.05.06"]
[Round "9.8"]
[White "Klueting, Reiner"]
[Black "Wolff, Torsten"]
[Result "1-0"]
[WhiteElo "1915"]
[BlackElo "1875"]
[Annotator "Daniel"]
[PlyCount "99"]
[EventDate "2018.??.??"]

1. d4 d5 2. Nf3 e6 3. c4 c6 4. Nc3 a6 5. e4 dxe4 6. Nxe4 Nf6 7. Bd3 Nbd7 8. O-O
Nxe4 9. Bxe4 Bd6 10. Bd2 Nf6 11. Bd3 Qc7 12. b4 b5 13. Rc1 bxc4 14. Rxc4 Bb7
15. a4 Qd7 16. Qc2 h6 17. Ne5 Bxe5 18. dxe5 Nd5 19. Be4 Rd8 $11 20. Bc1 Qe7 21.
Bd2 Qc7 22. Bc1 Qe7 23. Ba3 Qd7 24. Rc1 O-O 25. g3 Rfe8 26. Qb3 Rb8 27. Rd4 Qd8
28. Rc5 g6 29. Bc1 Kg7 30. Bxd5 exd5 31. Qe3 Qg5 32. f4 Qf5 33. Qd3 Qxd3 34.
Rxd3 Rbd8 35. Bb2 h5 36. Kf2 Kf8 37. Kf3 Ke7 38. Bd4 Ke6 39. Rdc3 Rc8 40. h3
Ba8 41. b5 axb5 42. axb5 Re7 43. b6 Bb7 44. Ra5 Ra8 45. Ra7 Rxa7 46. bxa7 Kd7
47. Ra3 Re8 48. Rb3 Ba8 49. Rb8 Rd8 50. f5 1-0

[Event "SV Welper 1 - SV Ahlen 1"]
[Site "Regionalliga 2017/2018"]
[Date "2018.05.06"]
[Round "9.1"]
[White "Steinle, Carsten"]
[Black "Fuellgrabe, Thomas"]
[Result "1/2-1/2"]
[WhiteElo "2149"]
[BlackElo "2235"]
[PlyCount "39"]
[EventDate "2018.??.??"]

1. b3 e5 2. Bb2 Nc6 3. e3 Nf6 4. c4 d5 5. cxd5 Nxd5 6. a3 Bd6 7. Bc4 Nb6 8. Be2
Qg5 9. g3 Qg6 10. d3 O-O 11. Nd2 Bf5 12. Qc2 Rad8 13. Ngf3 Bh3 14. b4 a6 15.
Rc1 Rfe8 16. Ne4 Bf8 17. Neg5 Bf5 18. Ne4 Bh3 19. Neg5 Bf5 20. Ne4 1/2-1/2

[Event "SV Welper 1 - SV Ahlen 1"]
[Site "Regionalliga 2017/2018"]
[Date "2018.05.06"]
[Round "9.2"]
[White "Kemna, Guido"]
[Black "Torres-Kuckel, Rafael"]
[Result "1/2-1/2"]
[WhiteElo "2138"]
[BlackElo "2084"]
[PlyCount "46"]
[EventDate "2018.??.??"]

1. e4 d6 2. d4 Nf6 3. Nc3 Nbd7 4. Nf3 e5 5. Be2 Be7 6. h3 c6 7. Be3 O-O 8. O-O
b5 9. a3 a6 10. dxe5 dxe5 11. Nd2 Nc5 12. Bf3 Qc7 13. Qe2 Be6 14. Rfd1 Rfd8 15.
Nf1 a5 16. Ng3 g6 17. Bg5 Rxd1+ 18. Nxd1 Ne8 19. Bxe7 Qxe7 20. Qe1 Nd7 21. Ne3
Qc5 22. Qd2 Qd4 23. Qc1 a4 1/2-1/2

[Event "SV Welper 1 - SV Ahlen 1"]
[Site "Regionalliga 2017/2018"]
[Date "2018.05.06"]
[Round "9.3"]
[White "Volesky, Karl-Heinz"]
[Black "Adiyaman, Rene"]
[Result "0-1"]
[WhiteElo "2029"]
[BlackElo "2077"]
[PlyCount "42"]
[EventDate "2018.??.??"]

1. e4 e5 2. Nf3 Nc6 3. Bb5 Nge7 4. c3 g6 5. d4 exd4 6. cxd4 d5 7. e5 Bg7 8. Be3
O-O 9. O-O f6 10. exf6 Bxf6 11. Bh6 Bg7 12. Bxg7 Kxg7 13. Ne5 Nxe5 14. dxe5 c5
15. Na3 Nf5 16. Bd3 Nd4 17. Nb5 Nc6 18. Qe2 Re8 19. f4 c4 20. Nd6 Re7 21. Bb1
Qxd6 0-1

[Event "SV Welper 1 - SV Ahlen 1"]
[Site "Regionalliga 2017/2018"]
[Date "2018.05.06"]
[Round "9.4"]
[White "Bastians, Felix"]
[Black "Woestmann, Ulrich"]
[Result "1/2-1/2"]
[WhiteElo "2088"]
[BlackElo "1970"]
[PlyCount "50"]
[EventDate "2018.??.??"]

1. Nf3 Nf6 2. c4 d5 3. cxd5 Nxd5 4. e4 Nf6 5. Bc4 e6 6. Nc3 a6 7. a4 c5 8. O-O
Nc6 9. d3 Be7 10. h3 O-O 11. Be3 Qc7 12. Rc1 Rd8 13. Qe2 Nd4 14. Bxd4 cxd4 15.
Nb1 Qa5 16. e5 Ne8 17. Qe4 Qxa4 18. Nxd4 Qd7 19. Nf3 Rb8 20. Rfd1 b5 21. Bb3
Bb7 22. Qf4 Nc7 23. Nc3 Nd5 24. Nxd5 Bxd5 25. Bxd5 Qxd5 1/2-1/2

[Event "SV Welper 1 - SV Ahlen 1"]
[Site "Regionalliga 2017/2018"]
[Date "2018.05.06"]
[Round "9.6"]
[White "Schaller, Fabian"]
[Black "Busche, Klaus"]
[Result "1/2-1/2"]
[WhiteElo "1990"]
[BlackElo "1932"]
[PlyCount "42"]
[EventDate "2018.??.??"]

1. Nf3 d5 2. b3 Nc6 3. Bb2 Bg4 4. e3 Nf6 5. h3 Bxf3 6. Qxf3 e6 7. Bb5 a6 8.
Bxc6+ bxc6 9. O-O Be7 10. d3 O-O 11. Nd2 Nd7 12. e4 Bf6 13. Bxf6 Qxf6 14. Qxf6
Nxf6 15. Rae1 Rae8 16. f4 Nd7 17. Nf3 Nb8 18. Re2 Rd8 19. g4 Rfe8 20. Rfe1 Kf8
21. Kf2 c5 1/2-1/2

[Event "SV Welper 1 - SV Ahlen 1"]
[Site "Regionalliga 2017/2018"]
[Date "2018.05.06"]
[Round "9.7"]
[White "Starp, Klaus"]
[Black "Schaller, Torsten"]
[Result "1/2-1/2"]
[WhiteElo "1903"]
[BlackElo "1951"]
[PlyCount "35"]
[EventDate "2018.??.??"]

1. e4 e5 2. Nc3 Nf6 3. g3 d5 4. exd5 Nxd5 5. Bg2 Nxc3 6. bxc3 Bd6 7. d3 O-O 8.
Nf3 Nc6 9. O-O Bg4 10. h3 Bh5 11. Rb1 Rb8 12. Qd2 h6 13. c4 Re8 14. Bb2 Bc5 15.
Rfe1 Qd6 16. g4 Bg6 17. Nh4 Bh7 18. Be4 1/2-1/2

[Event "SV Welper 1 - SV Ahlen 1"]
[Site "Regionalliga 2017/2018"]
[Date "2018.05.06"]
[Round "9.8"]
[White "Leimkuehler, Dirk"]
[Black "Wefers, Simon"]
[Result "1-0"]
[WhiteElo "1852"]
[BlackElo "1656"]
[PlyCount "59"]
[EventDate "2018.??.??"]

1. f4 d5 2. Nf3 Nc6 3. g3 Bf5 4. d3 Nf6 5. Bg2 e6 6. O-O Bd6 7. e3 h6 8. Qe2
Qe7 9. Bd2 O-O-O 10. Nc3 Nh7 11. Nh4 Qf6 12. Qf2 Bc5 13. Na4 Bb6 14. Nxb6+ axb6
15. e4 dxe4 16. Bc3 e3 17. Qxe3 Nd4 18. Nf3 c5 19. Qf2 g5 20. Nxd4 cxd4 21. Qf3
Qe7 22. Bb4 Qc7 23. g4 Bg6 24. f5 exf5 25. gxf5 g4 26. Qxg4 Nf6 27. Qh4 Nd5 28.
fxg6 Nxb4 29. Rxf7 Qxc2 30. Qg4+ 1-0

[Event "SV Königsspringer Hamm 1 - Oberhausener"]
[Site "Regionalliga 2017/2018"]
[Date "2018.05.06"]
[Round "9.1"]
[White "Nissen, Claus"]
[Black "Happel, Heiner"]
[Result "0-1"]
[WhiteElo "2138"]
[BlackElo "2168"]
[PlyCount "96"]
[EventDate "2018.??.??"]

1. e4 c5 2. Nf3 e6 3. d3 Nc6 4. g3 d5 5. Nbd2 Bd6 6. Bg2 Nge7 7. O-O O-O 8. Re1
Bc7 9. c3 dxe4 10. dxe4 b6 11. Qe2 Bb7 12. Nf1 Qc8 13. Bg5 h6 14. Be3 Rd8 15.
Rad1 Rxd1 16. Rxd1 Qe8 17. h4 Rd8 18. Rxd8 Qxd8 19. N1h2 Ng6 20. Nd2 Qd7 21.
Qh5 Ba6 22. f4 Qd3 23. Ng4 Qe2 24. c4 Nd4 25. Bxd4 Qe1+ 26. Kh2 cxd4 27. Nf3
Qxe4 28. Nfe5 Qf5 29. Qxf5 exf5 30. Bd5 Nxe5 31. Nxe5 Bxe5 32. fxe5 d3 33. b3
d2 34. Bf3 Bb7 35. Bd1 Kf8 36. Kg1 Ke7 37. Kf2 Ke6 38. Ke3 Kxe5 39. Kxd2 f4 40.
g4 Ke4 41. b4 g5 42. hxg5 hxg5 43. Ke2 Bc8 44. Kf2 Kd4 45. Be2 Be6 46. c5 bxc5
47. bxc5 Kxc5 48. a3 Kd4 0-1

[Event "SV Königsspringer Hamm 1 - Oberhausener"]
[Site "Regionalliga 2017/2018"]
[Date "2018.05.06"]
[Round "9.2"]
[White "Frombach, Ralf"]
[Black "Joergens, Markus"]
[Result "1-0"]
[WhiteElo "2177"]
[BlackElo "1984"]
[PlyCount "45"]
[EventDate "2018.??.??"]

1. c4 e6 2. Nc3 d5 3. d4 c6 4. Nf3 dxc4 5. e3 b5 6. a4 Bb4 7. Bd2 a5 8. axb5
Bxc3 9. Bxc3 cxb5 10. b3 Bb7 11. d5 Nf6 12. bxc4 b4 13. Bxf6 Qxf6 14. Qa4+ Nd7
15. Nd4 Ke7 16. d6+ Kxd6 17. Rd1 Rhd8 18. Nc6+ Kc7 19. Nxd8 Qc3+ 20. Rd2 Nc5
21. Qb5 Rxd8 22. Qxa5+ Kc6 23. Qxd8 1-0

[Event "SV Königsspringer Hamm 1 - Oberhausener"]
[Site "Regionalliga 2017/2018"]
[Date "2018.05.06"]
[Round "9.3"]
[White "Matzat, Andre"]
[Black "Prueß, Wilfried"]
[Result "1-0"]
[WhiteElo "2024"]
[BlackElo "2052"]
[PlyCount "129"]
[EventDate "2018.??.??"]

1. d4 Nf6 2. Nf3 e6 3. Bf4 b6 4. e3 Bb7 5. Bd3 Be7 6. h3 O-O 7. Nbd2 d6 8. O-O
c5 9. c3 Re8 10. Qe2 Nbd7 11. Bh2 Qc7 12. e4 e5 13. dxe5 dxe5 14. Bc4 h6 15. a4
Bf8 16. Nh4 a6 17. g4 Qc6 18. f3 Bd6 19. Nf5 Nf8 20. Rfd1 Ng6 21. Nxd6 Qxd6 22.
Nf1 Qc7 23. Ne3 Red8 24. Rxd8+ Rxd8 25. Rd1 Rd7 26. Kf2 Qd8 27. Rxd7 Qxd7 28.
Bxa6 Nf4 29. Bxf4 exf4 30. Ng2 Bxa6 31. Qxa6 g5 32. Ke2 Qe6 33. Kd2 Nd7 34.
Qa8+ Kg7 35. Qd5 Qe7 36. Ne1 Ne5 37. b3 f6 38. Ke2 c4 39. b4 Qe8 40. a5 bxa5
41. Qxa5 Qd7 42. b5 h5 43. b6 hxg4 44. hxg4 Kh6 45. Qb4 Nxf3 46. Kxf3 Qd1+ 47.
Kf2 Qxg4 48. Qf8+ Kg6 49. Qg8+ Kh6 50. Qxc4 Qg3+ 51. Ke2 Qe3+ 52. Kd1 Qxb6 53.
Qd4 Qb3+ 54. Kd2 Qe6 55. Qd5 Qh3 56. Qd3 Qe6 57. Nf3 Qa2+ 58. Qc2 Qa7 59. Nd4
g4 60. Ke2 Qa6+ 61. Kf2 Qb6 62. Qb3 Qa6 63. Qe6 g3+ 64. Kg2 f3+ 65. Kxg3 1-0

[Event "SV Königsspringer Hamm 1 - Oberhausener"]
[Site "Regionalliga 2017/2018"]
[Date "2018.05.06"]
[Round "9.4"]
[White "Kauder, Hartmut"]
[Black "Gerst, Michael"]
[Result "1-0"]
[WhiteElo "2089"]
[BlackElo "1960"]
[PlyCount "93"]
[EventDate "2018.??.??"]

1. c4 c5 2. Nc3 Nf6 3. g3 d5 4. cxd5 Nxd5 5. Bg2 Nc7 6. d3 e5 7. f4 exf4 8.
Bxf4 Be7 9. Qb3 Nd7 10. Nf3 O-O 11. O-O Nb6 12. Rac1 Be6 13. Qc2 Ncd5 14. Nxd5
Nxd5 15. Bd2 Rc8 16. a3 f6 17. e4 Nb6 18. Be3 Qd7 19. Rfd1 Rfd8 20. Qf2 Qb5 21.
d4 c4 22. d5 Bf7 23. Bh3 Rc7 24. Nd4 Qa5 25. Ne6 Bxe6 26. Bxe6+ Kh8 27. Kg2 Bc5
28. Qf4 Bd6 29. Qh4 Nd7 30. Bd4 Be7 31. Bc3 Qb6 32. Rf1 Nf8 33. Bf5 h6 34. Qh5
Qb5 35. Rce1 a6 36. Bg4 Nh7 37. h4 Rcc8 38. Bxc8 Rxc8 39. Qf7 Bf8 40. e5 fxe5
41. Rxe5 Nf6 42. Ref5 Ng4 43. Qe6 Bc5 44. Qxc8+ Kh7 45. R5f3 Ne3+ 46. Rxe3 Bxe3
47. Qf5+ 1-0

[Event "SV Königsspringer Hamm 1 - Oberhausener"]
[Site "Regionalliga 2017/2018"]
[Date "2018.05.06"]
[Round "9.5"]
[White "Weyh, Thomas"]
[Black "Schmidt, Ingo"]
[Result "1-0"]
[WhiteElo "2003"]
[BlackElo "1953"]
[PlyCount "29"]
[EventDate "2018.??.??"]

1. d4 d5 2. c4 c6 3. Nc3 dxc4 4. e4 e5 5. Bxc4 exd4 6. Nf3 Bc5 7. Ne5 Qf6 8.
Nxf7 dxc3 9. O-O Be6 10. Bg5 Kxf7 11. Bxf6 Bxc4 12. Bxc3 Be7 13. Qd4 Bxf1 14.
Qxg7+ Ke8 15. Kxf1 1-0

[Event "SV Königsspringer Hamm 1 - Oberhausener"]
[Site "Regionalliga 2017/2018"]
[Date "2018.05.06"]
[Round "9.6"]
[White "Klaus, Michael"]
[Black "Groß, Thomas"]
[Result "1/2-1/2"]
[WhiteElo "1854"]
[BlackElo "2002"]
[Annotator "Daniel"]
[PlyCount "134"]
[EventDate "2018.??.??"]

1. d4 d5 2. Nf3 Nf6 3. Bf4 c5 4. e3 Nc6 5. h3 Qb6 6. b3 Bf5 7. Bd3 Bxd3 8. Qxd3
Rc8 9. a3 cxd4 10. exd4 g6 11. O-O Bg7 12. Nbd2 O-O 13. c4 dxc4 14. bxc4 Rfd8
15. Rab1 Qa6 16. Rfe1 Nd5 17. Bg3 Nb6 18. Qe4 e6 19. c5 Nd5 20. Rb3 Nde7 21.
Reb1 Rd7 22. Bd6 Na5 23. Rb5 Nd5 24. Rxa5 Qxa5 25. Re1 Qc3 26. Qg4 Re8 27. Ne4
Qc2 28. Neg5 Qf5 29. Qh4 h6 30. Ne4 Nf6 31. Ne5 g5 32. Nxf6+ Bxf6 33. Qxh6 Rdd8
34. Qh5 Qh7 35. Qxh7+ Kxh7 36. Nxf7 Rc8 37. Be5 Bxe5 38. Rxe5 Rc6 39. Nxg5+ Kg6
40. Nf3 Rd8 41. Rg5+ Kf6 42. Rh5 Kg6 43. g4 Ra6 44. Re5 Rd5 45. Re3 Kf6 46. Kg2
Ra4 47. Rb3 Rd7 48. Kg3 Rc4 49. h4 Rc1 50. Kf4 Rf1 51. g5+ Kg7 52. Kg3 Rh1 53.
Re3 Ra1 54. h5 Ra2 55. h6+ Kh7 56. Rd3 a5 57. Ne5 Rc7 58. Nc4 b5 $11 59. Nxa5
Ra7 60. Nc6 R2xa3 61. Rxa3 Rxa3+ 62. Kf4 Ra6 63. Ne5 b4 64. Nc4 b3 65. Ke4 Ra4
66. Nd2 b2 67. Kd3 Rb4 1/2-1/2

[Event "SV Königsspringer Hamm 1 - Oberhausener"]
[Site "Regionalliga 2017/2018"]
[Date "2018.05.06"]
[Round "9.7"]
[White "Seibert, Michael"]
[Black "Sporkert, Corina"]
[Result "1-0"]
[WhiteElo "1970"]
[BlackElo "1831"]
[PlyCount "99"]
[EventDate "2018.??.??"]

1. d4 Nf6 2. Bg5 d5 3. Bxf6 gxf6 4. e3 Bf5 5. c4 c6 6. Nc3 Qb6 7. cxd5 Qxb2 8.
Nge2 Qb4 9. a3 Qa5 10. Qb3 Qb6 11. Qa4 Bd3 12. Rd1 Bb5 13. Qc2 Qa5 14. Rd2 Bc4
15. Nf4 Bxf1 16. Rxf1 Bh6 17. Nfe2 Qxa3 18. Qf5 Nd7 19. Ra2 Qd6 20. Ng3 cxd5
21. Qh5 Bf8 22. Qxd5 Qb4 23. Kd2 e6 24. Qb5 Rc8 25. Nge4 Qxb5 26. Nxb5 Bb4+ 27.
Kd3 O-O 28. Rxa7 f5 29. Ned6 Rc6 30. Rxb7 Nf6 31. Nc4 Rfc8 32. Na7 Rxc4 33.
Nxc8 Rc3+ 34. Ke2 Ba3 35. Ra1 Rxc8 36. Rxa3 Rc2+ 37. Ke1 Ng4 38. Raa7 Nh6 39.
g3 Kg7 40. h3 Rc1+ 41. Ke2 Rh1 42. g4 fxg4 43. hxg4 Rg1 44. Kf3 Kg6 45. e4 Rd1
46. d5 exd5 47. Ra6+ Kg5 48. exd5 Nxg4 49. Rxf7 Rxd5 50. Rg7+ 1-0

[Event "SV Königsspringer Hamm 1 - Oberhausener"]
[Site "Regionalliga 2017/2018"]
[Date "2018.05.06"]
[Round "9.8"]
[White "Ittner, Ralf"]
[Black "Demircan, Baris"]
[Result "0-1"]
[WhiteElo "1693"]
[BlackElo "1856"]
[Annotator "Daniel"]
[PlyCount "68"]
[EventDate "2018.??.??"]

1. d4 d5 2. Nf3 Nf6 3. c4 e6 4. Nc3 c6 5. e3 Nbd7 6. Bd3 Bd6 7. O-O O-O 8. e4
dxc4 9. Bxc4 e5 10. d5 Nb6 11. Qd3 cxd5 12. Nxd5 Nxc4 13. Qxc4 Be6 14. Bg5 Bxd5
15. exd5 h6 16. Bxf6 $11 Qxf6 17. Qe4 Rad8 18. Rac1 Qe7 19. g3 f5 20. Qa4 a6
21. Qb3 Kh8 22. Rfe1 f4 23. Nh4 Qf6 24. Qf3 g5 25. Ng2 Qg7 26. g4 h5 27. gxh5
g4 28. Qe4 Rf6 29. Nh4 Qg5 30. Ng6+ Kg7 31. Nxe5 Qxh5 32. Nc4 g3 33. hxg3 Rh8
34. Qg2 f3 0-1

[Event "SV Horst-Emscher 1 - SK Sodingen/Castro"]
[Site "Regionalliga 2017/2018"]
[Date "2018.05.06"]
[Round "9.1"]
[White "Waldschmidt, Georg"]
[Black "Baerwolf, Steven"]
[Result "1/2-1/2"]
[WhiteElo "2172"]
[BlackElo "2159"]
[PlyCount "82"]
[EventDate "2018.??.??"]

1. e4 e5 2. Nf3 Nc6 3. Bb5 a6 4. Ba4 Nf6 5. O-O b5 6. Bb3 Be7 7. Re1 d6 8. c3
O-O 9. h3 Na5 10. Bc2 c5 11. d4 Qc7 12. Nbd2 cxd4 13. cxd4 Nc6 14. a3 exd4 15.
Nb3 d5 16. exd5 Nxd5 17. Nbxd4 Nxd4 18. Nxd4 Bb7 19. Nf5 Bf6 20. Nh6+ Kh8 21.
Be4 Rad8 22. Qf3 Rfe8 23. Bg5 Re6 24. Rad1 Rde8 25. Bd2 Rxe4 26. Rxe4 Rxe4 27.
Qxe4 gxh6 28. Bxh6 Ne7 29. Qg4 Bc8 30. Qf3 Ng8 31. Bf4 Qe7 32. b3 Qxa3 33. Bd6
Qa2 34. Re1 Be6 35. Re3 Qa1+ 36. Kh2 Qd4 37. Qc6 a5 38. Rg3 Bg7 39. Qc7 a4 40.
bxa4 bxa4 41. Qb8 Bb3 1/2-1/2

[Event "SV Horst-Emscher 1 - SK Sodingen/Castro"]
[Site "Regionalliga 2017/2018"]
[Date "2018.05.06"]
[Round "9.2"]
[White "Kroeger, Fabian"]
[Black "Boehnke, Martin"]
[Result "1/2-1/2"]
[WhiteElo "2234"]
[BlackElo "2163"]
[PlyCount "31"]
[EventDate "2018.??.??"]

1. e4 d5 2. exd5 Qxd5 3. Nc3 Qa5 4. d4 c6 5. Bc4 Nf6 6. Bd2 Bf5 7. Qe2 e6 8. d5
cxd5 9. Nxd5 Qd8 10. Nxf6+ Qxf6 11. O-O-O Nc6 12. g4 Bg6 13. f4 O-O-O 14. Nf3
Bd6 15. Qe3 Kb8 16. Rhe1 1/2-1/2

[Event "SV Horst-Emscher 1 - SK Sodingen/Castro"]
[Site "Regionalliga 2017/2018"]
[Date "2018.05.06"]
[Round "9.3"]
[White "Kusnetsov, Mark"]
[Black "Buschmann, Andreas"]
[Result "1/2-1/2"]
[WhiteElo "2123"]
[BlackElo "2013"]
[Annotator "Daniel"]
[PlyCount "83"]
[EventDate "2018.??.??"]

1. d4 Nf6 2. Nf3 g6 3. Bg5 Bg7 4. Nbd2 O-O 5. h4 h6 6. Bxf6 Bxf6 7. h5 g5 8.
Ne4 e6 9. Nxf6+ Qxf6 10. e3 c5 11. c3 cxd4 12. cxd4 Nc6 13. Qc2 b6 14. Be2 Bb7
15. O-O Rac8 16. Qd2 Ne7 17. Ne5 Qg7 18. Rac1 d6 19. Rxc8 Nxc8 20. Nd3 f5 21.
Rc1 f4 22. Bg4 Re8 23. Nb4 fxe3 24. Qxe3 Qf7 25. Nc6 Kg7 26. Qc3 Qf6 27. b4 a6
28. a4 Ne7 $11 29. b5 Nd5 30. Qa3 Rf8 31. Rc2 Qf4 32. Bxe6 Qe4 33. Bxd5 Qxc2
34. Qe3 Qf5 35. Qe7+ Kh8 36. f3 Bxc6 37. bxc6 Qf4 38. Be4 Rf7 $11 39. Qe6 g4
40. Bd5 Rf8 41. c7 g3 42. Kf1 1/2-1/2

[Event "SV Horst-Emscher 1 - SK Sodingen/Castro"]
[Site "Regionalliga 2017/2018"]
[Date "2018.05.06"]
[Round "9.4"]
[White "Becker, Marco"]
[Black "Werrn, Pascal"]
[Result "0-1"]
[WhiteElo "1923"]
[BlackElo "2050"]
[Annotator "Daniel"]
[PlyCount "146"]
[EventDate "2018.??.??"]

1. e4 c5 2. g3 a6 3. Bg2 b5 4. Ne2 Bb7 5. O-O e6 6. d4 cxd4 7. Nxd4 Nf6 8. Re1
d6 9. Bg5 Nbd7 10. Nd2 Be7 11. Qe2 O-O 12. Rac1 Ne5 13. f4 Qb6 14. N2b3 Nc6 15.
Kh1 Nxd4 16. Qf2 Ng4 17. Qxd4 Qxd4 18. Nxd4 Bxg5 19. fxg5 Rac8 20. h3 Ne5 21.
Rcd1 Rfd8 22. c3 Kf8 23. Kg1 $11 Ke7 24. Re2 Rd7 25. h4 Bc6 26. a3 a5 27. h5 b4
28. axb4 axb4 29. cxb4 Rb7 30. Rc1 Rxb4 31. Nxc6+ Rxc6 32. Ra1 Rb7 33. Rd2 Rcb6
34. Ra2 Nc4 35. Rc2 Rxb2 36. Rcxb2 Nxb2 37. Ra8 h6 38. gxh6 gxh6 39. Rh8 Rb3
40. Kh2 Kf6 41. g4 Kg7 42. Rd8 Nc4 43. Bf1 Ne3 44. Bh3 d5 45. exd5 Nxd5 46. Bg2
Nf4 47. Bf1 e5 48. Bc4 Rh3+ 49. Kg1 Rg3+ 50. Kf1 Rxg4 51. Rd7 Nxh5 52. Rxf7+
Kg6 53. Rc7 Rf4+ 54. Ke1 Nf6 55. Be6 h5 56. Ke2 h4 57. Rc1 Ne4 58. Bd7 Ng5 59.
Rg1 e4 60. Bg4 Kf6 61. Ke3 Ke5 62. Be2 Ne6 63. Rg6 Nd4 64. Bg4 h3 65. Rg5+ Nf5+
66. Bxf5 Rxf5 67. Rg8 Rf3+ 68. Ke2 Kf4 69. Rf8+ Kg3 70. Rg8+ Kh2 71. Rg4 Rg3
72. Rf4 Rg2+ 73. Kf1 e3 0-1

[Event "SV Horst-Emscher 1 - SK Sodingen/Castro"]
[Site "Regionalliga 2017/2018"]
[Date "2018.05.06"]
[Round "9.5"]
[White "Graw, Christopher"]
[Black "Arndt, Olaf"]
[Result "0-1"]
[WhiteElo "2134"]
[BlackElo "1870"]
[PlyCount "68"]
[EventDate "2018.??.??"]

1. d4 f5 2. Nc3 Nf6 3. Bg5 g6 4. Bxf6 exf6 5. e3 d5 6. Qf3 Be6 7. Bb5+ c6 8.
Bd3 Qb6 9. Nge2 Na6 10. a3 Bd6 11. b4 O-O 12. h3 Rae8 13. Kd2 Qd8 14. Bxa6 bxa6
15. Na4 a5 16. Nc5 Bc7 17. Rhb1 axb4 18. axb4 Bb6 19. Nf4 Bc8 20. c4 a5 21.
cxd5 axb4 22. Nce6 Qd6 23. Nxf8 Kxf8 24. Qg3 Kf7 25. Ne6 Qxd5 26. Nc7 Bxc7 27.
Qxc7+ Bd7 28. Ra7 Re7 29. Rxb4 Qxg2 30. Qg3 Qd5 31. Rb2 g5 32. f4 h6 33. Ra3
Re4 34. Rd3 Qa5+ 0-1

[Event "SV Horst-Emscher 1 - SK Sodingen/Castro"]
[Site "Regionalliga 2017/2018"]
[Date "2018.05.06"]
[Round "9.6"]
[White "Goeldenboog, Juergen"]
[Black "Mueller, Frank"]
[Result "0-1"]
[WhiteElo "1850"]
[BlackElo "1986"]
[PlyCount "112"]
[EventDate "2018.??.??"]

1. d4 Nf6 2. c4 g6 3. Nc3 d5 4. Nf3 Bg7 5. Qb3 dxc4 6. Qxc4 O-O 7. e4 Bg4 8.
Be2 Nc6 9. Be3 Nd7 10. Qd3 Bxf3 11. Bxf3 Nde5 12. Qb5 Nxf3+ 13. gxf3 Nxd4 14.
Bxd4 Bxd4 15. Rd1 e5 16. h4 c6 17. Qb3 Qf6 18. Ne2 Bb6 19. h5 Rad8 20. hxg6
Ba5+ 21. Nc3 Rxd1+ 22. Qxd1 hxg6 23. Ke2 Bxc3 24. bxc3 Rd8 25. Qc1 Qd6 26. Qc2
Rd7 27. Rg1 b5 28. Rh1 a5 29. Rc1 c5 30. Rb1 b4 31. c4 Qd4 32. Rg1 a4 33. Rb1
a3 34. Rb3 Kg7 35. Rb1 Qd6 36. Rc1 Qa6 37. Ke3 Rd4 38. Ke2 Qe6 39. Ke3 g5 40.
Ke2 g4 41. Rg1 Qxc4+ 42. Qxc4 Rxc4 43. Rxg4+ Kf6 44. Kd2 Rc3 45. f4 Rf3 46.
fxe5+ Kxe5 47. Ke2 Rc3 48. Kd2 f6 49. Rh4 c4 50. Rh5+ Kxe4 51. Rb5 Rd3+ 52. Ke2
b3 53. axb3 a2 54. Ra5 cxb3 55. f3+ Kd4 56. Ra4+ Kc3 0-1